Rozdíly ve vnímaní retroobalů tradičních výrobků
Vnímanie vizuálnej podoby obalov výrobkov, ktoré sú v súčasnosti uvádzané na trh v retroobaloch.
Salvato in:
| Autore principale: | |
|---|---|
| Altri autori: | , |
| Natura: | Capitolo di libro |
| Lingua: | ceco |
| Soggetti: | |
| Tags: |
Nessun Tag, puoi essere il primo ad aggiungerne!!
|
MARC
| LEADER | 00000naa a2200000 4500 | ||
|---|---|---|---|
| 001 | 0240185 | ||
| 005 | 20220722104252.2 | ||
| 041 | 0 | |a cze | |
| 044 | |a SK | ||
| 245 | 1 | 0 | |a Rozdíly ve vnímaní retroobalů tradičních výrobků |c Eva Jaderná, Alena Srbová, Iveta Broučková |
| 520 | |a Vnímanie vizuálnej podoby obalov výrobkov, ktoré sú v súčasnosti uvádzané na trh v retroobaloch. | ||
| 610 | 2 | 0 | |a obaly |
| 610 | 2 | 0 | |a značky |
| 610 | 2 | 0 | |a umiestňovanie produktov |
| 610 | 2 | 0 | |a propagácia |
| 610 | 2 | 0 | |a marketing |
| 610 | 2 | 0 | |a budovanie značky |
| 610 | 2 | 0 | |a správanie spotrebiteľa |
| 610 | 2 | 0 | |a stratégia marketingová |
| 100 | 1 | |a Jaderná, Eva | |
| 700 | 1 | |a Srbová, Alena | |
| 700 | 1 | |a Broučková, Iveta | |